000 00920nam a2200289Ia 4500
001 E7531
003 IT-RoPAU
008 130308s9999 xx 000 0 und d
040 _aIT-RoPAU
040 _cIT-RoPAU
041 _aINGLESE
100 _aDahlgren Peter
100 _gCodice Aut. SPICS: 38333
245 _aCultural Studies as a Research Perspective: Themes and Tensions
245 _bInternational Media Research: a Critical Survey
250 _a1a ed.
260 _aLONDON AND NEW YORK
260 _bRoutledge
260 _c1997 [1° Ed.:1997 - Ed.Ling.Originale:1997]
300 _a"17 p. (prefazione: no ; testo: 17 [pagine: 48-64])"
500 _aStudi Culturali Come Prospettiva di Ricerca: temi e Tensioni. Postmodernismo, Economia Politica e Teoria Critica.
650 _aTEORICHE DEI MASS MEDIA
650 _eCodice materia Spics: 6105
942 _cBK
957 _71
999 _c82197
_d82197
999 _g1